RFLP markers linked to powdery mildew resistance genes Pm1, Pm2, Pm3 and Pm4 in wheat (Record no. 67025)

MARC details
000 -LEADER
fixed length control field 00384nam a2200145Ia 4500
100 ## - MAIN ENTRY--AUTHOR NAME
Personal name Ma Z Q
245 #0 - TITLE STATEMENT
Title RFLP markers linked to powdery mildew resistance genes Pm1, Pm2, Pm3 and Pm4 in wheat
260 ## - PUBLICATION, DISTRIBUTION, ETC. (IMPRINT)
Name of publisher Genome
Year of publication 1994
300 ## - PHYSICAL DESCRIPTION
Number of Pages 871-875
650 ## - SUBJECT ADDED ENTRY--TOPICAL TERM
Topical Term RFLP
700 ## - ADDED ENTRY--PERSONAL NAME
Personal name Sorrells M E
700 ## - ADDED ENTRY--PERSONAL NAME
Personal name Tanksley S D
942 ## - ADDED ENTRY ELEMENTS (KOHA)
Koha item type Journals
Holdings
Withdrawn status Lost status Damaged status Not for loan Home library Current library Shelving location Date acquired Serial Enumeration / chronology Koha item type
      Journals RRII Library RRII Library RFLP 17/12/2021 Volume 37, Issue 5 Journals